[Event "WchT Amateur"]
[Site "Kaunas"]
[Date "2016.11.23"]
[Round "4.2"]
[White "Villa, Alessandro"]
[Black "Asefi, Zaheeruddeen"]
[Result "0-1"]
[WhiteElo "1968"]
[BlackElo "1897"]
[PlyCount "88"]
[EventDate "2016.11.20"]
[EventType "team-swiss"]
[EventRounds "9"]
[EventCountry "LTU"]
[SourceTitle "CBM 175 Extra"]
[Source "ChessBase"]
[SourceDate "2016.12.12"]
[SourceVersion "1"]
[SourceVersionDate "2016.12.12"]
[SourceQuality "1"]
[WhiteTeam "Italy"]
[BlackTeam "Afghanistan"]
[WhiteTeamCountry "ITA"]
[BlackTeamCountry "AFG"]

1. e4 d6 2. d4 g6 3. Nc3 Bg7 4. f4 Nf6 5. Nf3 0-0 6. e5 Ne8 7. Bc4 Bg4 8. Be3 c6 9. 0-0 a5 10. a4 Na6 11. h3 Bxf3 12. Qxf3 e6 13. g4 Nb4 14. Bb3 dxe5 15. dxe5 Nc7 16. Ne4 Nca6 17. Qf2 Nd5 18. Rad1 Qe7 19. Bd4 Rfb8 20. c4 Ndc7 21. Nd6 Ne8 22. Ba7 Rd8 23. Bb6 Nxd6 24. Bxd8 Rxd8 25. exd6 Rxd6 26. Kh2 c5 27. Bc2 Bxb2 28. f5 exf5 29. gxf5 Bd4 30. Qg2 Nb4 31. Be4 Rb6 32. Rde1 Kg7 33. Kh1 Qd7 34. Re2 Qxa4 35. fxg6 hxg6 36. Bb1 Qd7 37. Rfe1 Nc6 38. Be4 Rb3 39. Bf3 a4 40. Bg4 Qc7 41. Qd5 a3 42. Re8 a2 43. Rc8 Qg3 44. Rf1 Qf4 0-1

[Event "ITA-ch U14"]
[Site "Courmayeur"]
[Date "2013.07.06"]
[Round "9"]
[White "Villa, Alessandro"]
[Black "Lodici, Lorenzo"]
[Result "1-0"]
[WhiteElo "1701"]
[BlackElo "2088"]
[PlyCount "143"]
[EventDate "2013.06.30"]
[EventType "swiss"]
[EventRounds "9"]
[EventCountry "ITA"]
[SourceTitle "EXT 2015"]
[Source "ChessBase"]
[SourceDate "2014.11.20"]
[SourceVersion "1"]
[SourceVersionDate "2014.11.20"]
[SourceQuality "1"]

1. e4 c5 2. Nf3 Nc6 3. d4 cxd4 4. Nxd4 e5 5. Nxc6 bxc6 6. Bd3 Nf6 7. 0-0 Be7 8. c4 0-0 9. Nc3 Qc7 10. Qc2 a5 11. f4 exf4 12. Bxf4 Bd6 13. Bxd6 Qxd6 14. h3 Qc5+ 15. Kh1 d6 16. Rf3 Be6 17. b3 Qe5 18. Raf1 Nd7 19. Na4 Rfb8 20. Qf2 Qh5 21. Qd4 Ne5 22. Rg3 Rd8 23. Nc3 Qh4 24. Qe3 Qe7 25. Qh6 Ng6 26. Qe3 Re8 27. Kg1 Qb7 28. Qd2 Qb4 29. Qc2 Qb8 30. Qf2 Qc7 31. Kh1 Kh8 32. Kg1 Qe7 33. Qe2 h6 34. Kh1 Ne5 35. Qe3 Reb8 36. Kg1 Qb7 37. Rf4 Ng6 38. Rf1 Qb4 39. Qc1 Qc5+ 40. Kh1 Qe5 41. Rgf3 Nh4 42. R3f2 g5 43. Be2 Ng6 44. Bh5 Nf4 45. Be2 Rf8 46. Qd2 Rad8 47. Bf3 Rfe8 48. Re1 Bc8 49. Rff1 Kh7 50. Qc2 Kg8 51. Qd2 Re7 52. Kg1 f6 53. Kh1 h5 54. Ne2 Nxe2 55. Qxe2 h4 56. Qf2 Rb7 57. Bd1 Kg7 58. Bc2 Be6 59. Rd1 a4 60. Kg1 Rf7 61. Rde1 Qb2 62. Bb1 Qa3 63. Qc2 Rb8 64. Re3 Qc5 65. Qf2 Rbb7 66. Kh1 Qa5 67. Qc2 Qa7 68. Rd3 f5 69. Rxd6 fxe4 70. Rxf7+ Rxf7 71. Qb2+ Kf8 72. Qh8+ 1-0

[Event "Quarantennale op-B"]
[Site "Cirie"]
[Date "2013.04.30"]
[Round "5"]
[White "Villa, Alessandro"]
[Black "Pedoni, Lorenzo"]
[Result "0-1"]
[WhiteElo "1671"]
[BlackElo "1614"]
[PlyCount "98"]
[EventDate "2013.04.27"]
[EventType "swiss"]
[EventRounds "6"]
[EventCountry "ITA"]
[SourceTitle "EXT 2024"]
[Source "ChessBase"]
[SourceDate "2023.10.10"]
[SourceVersion "1"]
[SourceVersionDate "2023.10.10"]
[SourceQuality "1"]

1. e4 c5 2. Nf3 Nc6 3. d4 cxd4 4. Nxd4 Nf6 5. Nc3 e5 6. Ndb5 d6 7. Bg5 a6 8. Na3 b5 9. Nd5 Be7 10. Bxf6 Bxf6 11. c3 Bg5 12. Nc2 0-0 13. a4 bxa4 14. Rxa4 a5 15. Bc4 Kh8 16. Nce3 Bxe3 17. Nxe3 Rb8 18. b3 f5 19. exf5 Bxf5 20. 0-0 Be4 21. f3 Qg5 22. Qe2 Bg6 23. Rd1 e4 24. fxe4 Ne5 25. Nf5 Bh5 26. g4 Bxg4 27. Qg2 Bxd1 28. Qxg5 Nf3+ 29. Kf2 Nxg5 30. Ke3 Bxb3 31. Rxa5 Bxc4 32. Nxd6 Nxe4 33. Kxe4 Bg8 34. c4 Rb4 35. Rc5 Rd8 36. Ke5 Rxd6 37. Kxd6 Rxc4 38. Re5 Rh4 39. Re2 h6 40. Ke7 Bd5 41. Rf2 Kh7 42. Kf8 g5 43. Rd2 Be6 44. Re2 Bh3 45. Kf7 Rf4+ 46. Ke8 Kg6 47. Kd8 Kh5 48. Kc7 Rg4 49. Re3 Kh4 0-1

[Event "Quarantennale op-B"]
[Site "Cirie"]
[Date "2013.04.28"]
[Round "3"]
[White "Villa, Alessandro"]
[Black "Borghi, Dario"]
[Result "1/2-1/2"]
[WhiteElo "1671"]
[BlackElo "1747"]
[PlyCount "81"]
[EventDate "2013.04.27"]
[EventType "swiss"]
[EventRounds "6"]
[EventCountry "ITA"]
[SourceTitle "EXT 2024"]
[Source "ChessBase"]
[SourceDate "2023.10.10"]
[SourceVersion "1"]
[SourceVersionDate "2023.10.10"]
[SourceQuality "1"]

1. e4 e5 2. Nf3 Nc6 3. Bb5 a6 4. Ba4 b5 5. Bb3 Nf6 6. 0-0 Bc5 7. d3 0-0 8. c3 Ba7 9. Bg5 h6 10. Bxf6 Qxf6 11. Nbd2 Ne7 12. Re1 d6 13. h3 c6 14. Nf1 Ng6 15. Ng3 Nh4 16. d4 Nxf3+ 17. Qxf3 Qxf3 18. gxf3 Bxh3 19. Kh2 Bc8 20. Rad1 Re8 21. Rg1 Kf8 22. Rg2 g6 23. Ne2 Be6 24. d5 cxd5 25. Bxd5 Bxd5 26. Rxd5 Rad8 27. Kg3 Re6 28. Nc1 f5 29. Nd3 f4+ 30. Kg4 Ra8 31. Rh2 Kg7 32. Kh3 Bb6 33. Kg2 g5 34. Rh1 Kg6 35. Rh2 h5 36. Rh1 Kh6 37. Rh2 Bc7 38. Rh1 Rg6 39. a3 h4 40. Kh3 Kh5 41. Rg1 1/2-1/2